Catálogo

NEW FUTURES : (Registro nro. 47323)

Detalles MARC
000 -LEADER
fixed length control field 00534nam a2200181 a 4500
001 - CONTROL NUMBER
control field 47323
005 - DATE AND TIME OF LATEST TRANSACTION
control field 20180714031226.0
008 - FIXED-LENGTH DATA ELEMENTS--GENERAL INFORMATION
fixed length control field 140415s1984 000 0 spa d
020 ## - INTERNATIONAL STANDARD BOOK NUMBER
International Standard Book Number 0870944703
041 ## - LANGUAGE CODE
Language code of text/sound track or separate title spa
082 ## - DEWEY DECIMAL CLASSIFICATION NUMBER
Classification number 658.16
Item number KIM
100 1# - MAIN ENTRY--PERSONAL NAME
Personal name KIMBERLY, JOHN R.
245 10 - TITLE STATEMENT
Title NEW FUTURES :
Remainder of title THE CHALLENGE OF MANAGING CORPORATE TRANSITIONS
260 ## - PUBLICATION, DISTRIBUTION, ETC.
Place of publication, distribution, etc. [s.l.] :
Name of publisher, distributor, etc. DOW JONES-IRWIN,
Date of publication, distribution, etc. 1984
300 ## - PHYSICAL DESCRIPTION
Extent 322
650 14 - SUBJECT ADDED ENTRY--TOPICAL TERM
Topical term or geographic name entry element ADMINISTRACION
General subdivision ORGANIZACION
-- PLANIFICACION
700 1# - ADDED ENTRY--PERSONAL NAME
Personal name QUINN, ROBERT E.
Relator term coaut.
Existencias
Withdrawn status Lost status Source of classification or shelving scheme Damaged status Not for loan Collection code Home library Current library Shelving location Date acquired Source of acquisition Inventory number Total Checkouts Full call number Barcode Date last seen Price effective from Koha item type
    Dewey Decimal Classification     General Biblioteca Karol Wojtyla Biblioteca Karol Wojtyla Sala general 03/12/2013 Compra 151000000000000000021958   658.16 KIM 7088 05/01/2026 03/12/2013 Libro
  Extraviado Dewey Decimal Classification       Biblioteca Karol Wojtyla Biblioteca Karol Wojtyla   03/12/2013 Compra     658.16 KIM 7089   03/12/2013 Libro